Klávesové nástroje

Bibliographic Details
Format: Article
Language:Slovak
PhysicalDescription:Fotogr.
ISSN:1335-6550
Subjects:

MARC

LEADER 00000nab a2200000 a 4500
001 vtls009495938
003 SK-MaSNL
005 20260304153018.0
008 250506c2009 xo |||||| | ||00 b|slo
015 |a SNBRB2009/04  |2 snkbucl 
035 |a (uuid)992877dc-cfda-411b-aca2-288332e50911 
035 |a urn:nbn:sk:snk-ab14bm 
035 |a (urnnbn)urn:nbn:sk:snk:ar-00451q 
038 |a SNKBUCL 
040 |a SNKBUCL  |b slo  |c SNKBUCL  |e AACR2 
041 0 |a slo 
044 |a xo  |c SK 
080 |a 681.816  |2 2001 
080 |a 681.817.62  |2 2001 
080 |a 681.818.1  |2 2001 
245 0 0 |a Klávesové nástroje 
300 |b Fotogr. 
650 0 7 |a klávesové nástroje  |2 snkbucl  |9 79017 
650 0 7 |a trúbka (hudobný nástroj)  |2 SNKPH  |9 79240 
650 0 7 |a lutna  |2 snkbucl  |9 112226 
773 0 |t Historická revue  |g Roč. XX, č. 4 (2009), s. 66-67  |x 1335-6550 
850 |a Slovenská národná knižnica 
852 |a Slovenská národná knižnica 
954 |a odborná, vedecká literatúra pôvodná (slovenská)  |2 lita 
958 |a article27 
958 |a OND 
958 |a EUIPO 
999 |c 2952082  |d 2954012